MARC details
| 000 -CABECERA |
| campo de control de longitud fija |
02164nam a2200397 a 4500 |
| 001 - NÚMERO DE CONTROL |
| campo de control |
000022022 |
| 005 - FECHA Y HORA DE LA ÚLTIMA TRANSACCIÓN |
| campo de control |
20240412074250.0 |
| 008 - DATOS DE LONGITUD FIJA--INFORMACIÓN GENERAL |
| campo de control de longitud fija |
100916s2005 dr r 001 ddspa d |
| 020 ## - NÚMERO INTERNACIONAL ESTÁNDAR DEL LIBRO |
| Número Internacional Estándar del Libro |
9993458295 |
| 040 ## - FUENTE DE LA CATALOGACIÓN |
| Centro catalogador/agencia de origen |
DO-SdBNP |
| Lengua de catalogación |
spa |
| Centro/agencia transcriptor |
BNPHU |
| 082 ## - NÚMERO DE LA CLASIFICACIÓN DECIMAL DEWEY |
| Número de clasificación |
RD862.4408 |
| Número de documento/Ítem |
T829d |
| 245 00 - MENCIÓN DE TÍTULO |
| Título |
Trilogía de dramaturgos del Sur ; |
| Resto del título |
Trilogía de dramaturgos del Cibao / |
| Mención de responsabilidad, etc. |
Edgar Valenzuela, Nicolás Michelén, Ángelo Valenzuela ; Carlos Burgos Acosta, José Adolfo Pichardo, Gerardo Mercedes. |
| 246 13 - FORMA VARIANTE DE TÍTULO |
| Título propio/Titulo breve |
Trilogía de dramaturgos del Cibao |
| 260 ## - PUBLICACIÓN, DISTRIBUCIÓN, ETC. |
| Lugar de publicación, distribución, etc. |
Santo Domingo : |
| Nombre del editor, distribuidor, etc. |
Centenario, |
| Fecha de publicación, distribución, etc. |
2005. |
| 300 ## - DESCRIPCIÓN FÍSICA |
| Extensión |
81 p. ; 71 p. ; |
| Dimensiones |
22 cm. |
| 490 1# - MENCIÓN DE SERIE |
| Mención de serie |
Cibao-Sur |
| Designación de volumen o secuencia |
1 |
| 501 ## - NOTA DE "CON" |
| Nota de “Con” |
Publicado con: Trilogía de dramaturgos del Cibao /Carlos Burgos Acosta, José Adolfo Pichardo, Gerardo Mercedes. |
| 505 0# - NOTA DE CONTENIDO CON FORMATO |
| Mención de responsabilidad |
La autopista teatral Cibao-Sur -- |
| Título |
El teatro ante el reto de la globalización / |
| Mención de responsabilidad |
David Álvarez Martín -- |
| Título |
Barriga no grata (Drama) / |
| Mención de responsabilidad |
Edgar Valenzuela -- |
| Título |
Papeles volteados (Farsa) / |
| Mención de responsabilidad |
Nicolás Michelen -- |
| Título |
La danza en el crepúsculo (Drama) / |
| Mención de responsabilidad |
Ángelo Valenzuela -- |
| Título |
Otro aparte: El primer dramaturgo sanjuanero / |
| Mención de responsabilidad |
Miguel Collado. |
| 505 0# - NOTA DE CONTENIDO CON FORMATO |
| Título |
Dramaturgia Cibao-Sur / |
| Mención de responsabilidad |
Pedro Antonio Valdez -- |
| Título |
Páginas de fuego / |
| Mención de responsabilidad |
Carlos Burgos Acosta -- |
| Título |
El relevo / |
| Mención de responsabilidad |
Gerardo Mercedes (El Cuervo) -- |
| Título |
Laura / |
| Mención de responsabilidad |
José Adolfo Pichardo. |
| 563 ## - NOTA DE ENCUADERNACIÓN |
| Nota de encuadernación |
Dos obras encuadernadas juntas con paginación invertida. |
| 590 ## - NOTA LOCAL (RLIN) |
| Nota local |
Inventariado, 2019/BT |
| 650 #4 - PUNTO DE ACCESO ADICIONAL DE MATERIA--TÉRMINO DE MATERIA |
| Término de materia o nombre geográfico como elemento de entrada |
Teatro dominicano |
| Subdivisión general |
Colecciones |
| 9 (RLIN) |
21852 |
| 650 #0 - PUNTO DE ACCESO ADICIONAL DE MATERIA--TÉRMINO DE MATERIA |
| Término de materia o nombre geográfico como elemento de entrada |
Literatura dominicana. |
| 9 (RLIN) |
67 |
| 650 #4 - PUNTO DE ACCESO ADICIONAL DE MATERIA--TÉRMINO DE MATERIA |
| Término de materia o nombre geográfico como elemento de entrada |
Dramaturgos dominicanos |
| 9 (RLIN) |
45654 |
| 700 12 - PUNTO DE ACCESO ADICIONAL--NOMBRE DE PERSONA |
| Nombre de persona |
Valenzuela, Edgar |
| 9 (RLIN) |
6575 |
| 700 12 - PUNTO DE ACCESO ADICIONAL--NOMBRE DE PERSONA |
| Nombre de persona |
Michelén, Nicolás |
| 9 (RLIN) |
45655 |
| 700 12 - PUNTO DE ACCESO ADICIONAL--NOMBRE DE PERSONA |
| Nombre de persona |
Valenzuela, Ángelo |
| 9 (RLIN) |
27177 |
| 700 12 - PUNTO DE ACCESO ADICIONAL--NOMBRE DE PERSONA |
| Nombre de persona |
Burgos Acosta, Carlos, |
| Fechas asociadas al nombre |
1965- |
| 9 (RLIN) |
26990 |
| 700 12 - PUNTO DE ACCESO ADICIONAL--NOMBRE DE PERSONA |
| Nombre de persona |
Pichardo, José Adolfo, |
| Fechas asociadas al nombre |
1964- |
| 9 (RLIN) |
26369 |
| 700 12 - PUNTO DE ACCESO ADICIONAL--NOMBRE DE PERSONA |
| Nombre de persona |
Mercedes, Gerardo, |
| Fechas asociadas al nombre |
1968- |
| 9 (RLIN) |
45656 |
| 710 22 - PUNTO DE ACCESO ADICIONAL--NOMBRE DE ENTIDAD CORPORATIVA |
| Nombre de entidad corporativa o nombre de jurisdicción como elemento de entrada |
Sociedad de Autores y Compositores Dramáticos de la República Dominicana. |
| 9 (RLIN) |
45657 |
| 710 22 - PUNTO DE ACCESO ADICIONAL--NOMBRE DE ENTIDAD CORPORATIVA |
| Nombre de entidad corporativa o nombre de jurisdicción como elemento de entrada |
Acción Teatral del Sur, ATESUR (República Dominicana) |
| 9 (RLIN) |
45658 |
| 740 02 - PUNTO DE ACCESO ADICIONAL--TÍTULO RELACIONADO O ANALÍTICO NO CONTROLADO |
| Título relacionado o analítico no controlado |
Trilogía de dramaturgos del Cibao |
| 830 #0 - PUNTO DE ACCESO ADICIONAL DE SERIE-TÍTULO UNIFORME |
| Título uniforme |
Cibao-Sur |
| Número de parte o sección de la obra |
1 |
| 9 (RLIN) |
45659 |
| 910 ## - DATOS DE OPCIÓN DEL USUARIO (OCLC) |
| Datos de opción del usuario |
Validado. Control de calidad. EMS |